00681nam a2200217 i 4500001001100000003000500011005001700016008004100033020001500074040002500089082002000114100002900134245008900163264007000252300002900322336002100351337002500372338002300397650003200420700001100452C2-0241017PPAK20180727203543.0020730s1998 flu |||| ||||| | eng d a1558746161 aPPAKbengcPPAKerda04a158.12808352231 aCanfield, Jack, eauthor10aChicken soup for the teenage soul II : b101 more stories of life, love and learning 1aDeerfield Beach, Florida : bHealth Communications, Inc. , c1998 axxv, 351 pages ; c22 cm 2rdacontentatext 2rdamediaaunmediated 2rdacarrieravolume10aTeenagers - Conduct of life eauthor